| 000 | 00000nam##2200000za#4500 |
| 001 | 9.668149 |
| 003 | CaOODSP |
| 005 | 20240527135429 |
| 007 | ta |
| 008 | 150407|2006||||xxc||||| f|0| 0 eng|d |
| 020 | |a0-660-63257-8 |
| 040 | |aCaOODSP|beng |
| 041 | |aeng |
| 041 | |afre |
| 041 | |aspa |
| 043 | |an-cn--- |
| 086 | 1 |aCW66-203/1-2006 |
| 110 | 2 |aCanadian Wildlife Service. |
| 245 | 10|aCITES identification guide - amphibians : |bguide to the identification of amphibian species controlled under the Convention on International Trade in Endangered Species of Wild Fauna and Flora |
| 246 | 1 |aGuía de identificación de CITES - Anfibios - Guía de identificación de los anfibios protegidos por la Convención sobre el Comercio International de Especies Amenazadas de Fauna y Flora Silvestres |
| 260 | |aOttawa - Ontario : |bEnvironment Canada. |c2007. |
| 300 | |aIn various pagings. : |bcoloured illus., tables, index ; |c28 cm. |
| 500 | |a"An initiative of Environment Canada" |
| 520 | 3 |aEnvironment Canada, the CITES (Convention on International Trade in Endangered Species of Wild Fauna and Flora) Management Authority for Canada, has developed CITES Identification Guides on birds, crocodilians; turtles and tortoises; butterflies; sturgeons and paddlefish; tropical wood; hunting trophies; and amphibians, for individuals responsible for enforcing CITES. They provide in English, French and Spanish, detailed information for the identification of species protected under CITES and, in some cases, look-alike species that are not protected. |
| 546 | |aText in English, French and Spanish. |
| 563 | |aSpiral binding |
| 590 | |a07-16|b2007-04-20 |
| 690 | 07|aAquatic animals|2gcpds |
| 690 | 07|aEndangered species|2gcpds |
| 710 | 2 |aCITES Secretariat. |
| 710 | 2 |aUnited States. Fish and Wildlife Service. |
| 776 | 0#|tGuide d'identification CITES - amphibiens : |w(CaOODSP)9.675096 |
| 792 | |tGuide d'identification CITES - amphibiens : |efre|w(CaOODSP)9.668150 |